Wiedza z piłki nożnej - Statystyki

Ogólne statystyki
  • Ten quiz został rozwiązany 4 617 razy
  • Średni wynik to 4 z 10
Statystyki odpowiedzi
Pytanie Odpowiedz % Poprawnych
Jaki klub zdobył najwięcej pucharów Polski? Legia Warszawa
93%
Jaki piłkarz zdobył najwięcej bramek w reprezentacji Polski? Lewandowski
81%
Z jakiego kraju pochodzi piłkarz Arsenalu Pierre-Emerick Aubameyang? Gabon
65%
W jakim kraju odbył się pierwszy mundial? Urugwaj
61%
Jaki klub poza Realem Madryt zdobył najwięcej razy ligę mistrzów (wcześniej puchar europy)? Milan
40%
Najskuteczniejszym obcokrajowcem w historii premier league jest? Henry
26%
Który piłkarz strzelił legendarnego gola w dogrywce finału Euro 2000 dającego jego drużynie zwycięstwo na tym turnieju? Podaj nazwisko strzelca. Trezeguet
18%
Podaj nazwisko strzelca 4 bramek dla reprezentacji Polski w pierwszym meczu Polaków na mistrzostwach świata przeciwko Brazylii (5:6) Wilimowski
18%
Który klub zdobył najwięcej mistrzostw Francji? Saint Etienne
15%
Który piłkarz jest rekordzistą wszech czasów pod względem występów w rozgrywkach UEFA w barwach polskich klubów? Kucharczyk
8%
Nie znaleziono quizów pasujących do podanych kryteriów
Rozkład punktacji
Procent ludzi z każdym wynikiem
Percentyl według liczby udzielonych odpowiedzi
Twoja historia wyników
Nie rozwiązałeś tego quizu